Normal view
MARC view
Entry Topical Term
001 - CONTROL NUMBER
- control field: 51442
003 - CONTROL NUMBER IDENTIFIER
- control field: OSt
005 - DATE AND TIME OF LATEST TRANSACTION
- control field: 20250320104846.0
008 - FIXED-LENGTH DATA ELEMENTS
- fixed length control field: 250320|| aca||aabn | a|a d
040 ## - CATALOGING SOURCE
- Original cataloging agency: OSt
- Transcribing agency: OSt
150 ## - HEADING--TOPICAL TERM
- Topical term or geographic name entry element: Central government’s intervention, Convened committees, Democratic deficit, Representation, Governability, Effective number of council parties at the local level (ENCPSML), Local crisis.
670 ## - SOURCE DATA FOUND
- Source citation: Work cat.: (OSt): Beeri, Itai 51441, The impact of the central government’s intervention on local democracy
